000 00963nam a22003137a 4500
001 BR0502067
003 BR-BrBNA
005 20230928101900.0
007 ta
008 230509b bl.||||| |||| 00| 0 por d
040 _aBR-BrBNA
_bpor
_cBiblioteca Nacional de Agricultura
041 _a(Por)
072 _aE50
090 _ E50 BR0502067
110 1 _aServiço Nacional de Aprendizagem Rural, Curitiba, PR (Brasil). Administração Regional do Estado do Paraná
245 1 _aTrabalhador em turismo rural; turismo no meio rural e oportunidade de negócios
_bColeção SENAR - 58
260 3 _aCuritiba, PR (Brasil):
_c2003.
300 _a67 p.
500 _a21 ref.; 15 tables; 22 illus.
650 _aTURISMO
650 _aZONA RURAL
650 _aRECURSO NATURAL
650 _aPROPRIEDADE RURAL
650 _aINVESTIMENTO
650 _aFORMAÇÃO PROFISSIONAL
650 _aMERCADO
909 _a202309
_bLucia
_c55
_dLucia Elande
942 _cBK
999 _c68042
_d68042